000 00162nam a22000857a 4500
082 _a823
100 _aSWAPNA DUTTA
245 _aFOUR STORIES FROM TAGORE
942 _cBK
999 _c8510
_d8510